01206nam a2200313 a 4500001001100000003000800011006001900019007001500038008004100053010001700094020002800111040002100139035002000160050002400180082003200204100002200236245008900258260003900347300001600386504006600402533015200468650003800620650003100658650001700689655002900706710001700735856012500752999001500877ebr5004839CaPaEBRm u cr cn|||||||||930615s1994 ctu sb 001 0 eng  z 93005444  z027594719X (alk. paper) aCaPaEBRcCaPaEBR a(OCoLC)4983826114aKF4772b.B73 1994eb04a342.73/0853a347.3028532201 aBracken, Harry M.10aFreedom of speechh[electronic resource] :bwords are not deeds /cHarry M. Bracken. aWestport, Conn. :bPraeger,c1994. axii, 159 p. aIncludes bibliographical references (p. [153]-156) and index. aElectronic reproduction.bPalo Alto, Calif. :cebrary,d2013.nAvailable via World Wide Web.nAccess may be limited to ebrary affiliated libraries. 0aFreedom of speechzUnited States. 0aFreedom of speechzCanada. 0aHate speech. 7aElectronic books.2local2 aebrary, Inc.40uhttp://site.ebrary.com/lib/rucke/Doc?id=5004839zAn electronic book accessible through the World Wide Web; click to view c1400d1400